<?xml version="1.0" encoding="UTF-8"?><?xml-stylesheet type="text/xsl" href="static/style.xsl"?><OAI-PMH xmlns="http://www.openarchives.org/OAI/2.0/" xmlns:xsi="http://www.w3.org/2001/XMLSchema-instance" xsi:schemaLocation="http://www.openarchives.org/OAI/2.0/ http://www.openarchives.org/OAI/2.0/OAI-PMH.xsd"><responseDate>2026-06-01T07:59:23Z</responseDate><request verb="GetRecord" identifier="oai:riuma.uma.es:10630/7262" metadataPrefix="marc">https://riuma.uma.es/rest/oai/request</request><GetRecord><record><header><identifier>oai:riuma.uma.es:10630/7262</identifier><datestamp>2026-02-03T12:18:18Z</datestamp><setSpec>com_10630_2254</setSpec><setSpec>col_10630_37959</setSpec></header><metadata><record xmlns="http://www.loc.gov/MARC21/slim" xmlns:dcterms="http://purl.org/dc/terms/" xmlns:doc="http://www.lyncode.com/xoai" xmlns:xsi="http://www.w3.org/2001/XMLSchema-instance" xsi:schemaLocation="http://www.loc.gov/MARC21/slim http://www.loc.gov/standards/marcxml/schema/MARC21slim.xsd">
   <leader>00925njm 22002777a 4500</leader>
   <datafield ind2=" " ind1=" " tag="042">
      <subfield code="a">dc</subfield>
   </datafield>
   <datafield ind2=" " ind1=" " tag="720">
      <subfield code="a">Miranda García, Rubén</subfield>
      <subfield code="e">author</subfield>
   </datafield>
   <datafield ind2=" " ind1=" " tag="260">
      <subfield code="c">2014-02-25</subfield>
   </datafield>
   <datafield ind2=" " ind1=" " tag="520">
      <subfield code="a">La plasticidad cerebral es la propiedad que permite al cerebro adaptarse a las condiciones cambiantes del ambiente y de la experiencia, y es el mecanismo que permite su readaptación o reparación ante lesiones. Tal flexibilidad del cerebro puede expresarse tanto a nivel celular, incluyendo procesos de neurogénesis, como o a nivel sináptico, implicando cambios en la estructura y función de las conexiones neuronales. Numerosos trastornos del neurodesarrollo, inducidos por distintas mutaciones genéticas, se asocian con déficits cognitivos derivados de alteraciones de la función y plasticidad sinápticas que comúnmente implican la pérdida del balance de excitación/inhibición neuronal. La distrofia muscular de Duchenne (DMD) es una enfermedad neuromuscular derivada de mutaciones que afectan a la expresión del gen de la distrofina y que se asocia con déficits cognitivos. La distrofina es una proteína de citoesqueleto que a través de sus interacciones con otras proteínas de membrana, receptores y/o canales iónicos está implicada en el mantenimiento de la función sináptica en diferentes áreas cerebrales.</subfield>
   </datafield>
   <datafield ind1="8" ind2=" " tag="024">
      <subfield code="a">http://hdl.handle.net/10630/7262</subfield>
   </datafield>
   <datafield tag="653" ind2=" " ind1=" ">
      <subfield code="a">Circuito neural - Adaptación</subfield>
   </datafield>
   <datafield tag="653" ind2=" " ind1=" ">
      <subfield code="a">Neuroplasticidad</subfield>
   </datafield>
   <datafield tag="653" ind2=" " ind1=" ">
      <subfield code="a">Autismo</subfield>
   </datafield>
   <datafield tag="653" ind2=" " ind1=" ">
      <subfield code="a">Disminuidos mentales</subfield>
   </datafield>
   <datafield ind2="0" ind1="0" tag="245">
      <subfield code="a">Papel de la plasticidad cerebral en las alteraciones del neurodesarrollo: autismo y retraso mental</subfield>
   </datafield>
</record>
</metadata></record></GetRecord></OAI-PMH>